Countries That End With The Letter O - Statistics

General Stats
  • This quiz has been taken 58 times
  • The average score is 10 of 12
Answer Stats
Hint Answer % Correct
Africa Democratic Republic of the Congo
94%
Europe Kosovo
92%
Africa Republic of the Congo
92%
Europe Montenegro
90%
Africa Morocco
88%
Africa Lesotho
86%
South America Mexico
86%
Europe Monaco
86%
Africa Togo
86%
Europe San Marino
84%
North America Trinidad and Tobago
84%
Africa Burkina Faso
64%
No matching quizzes found
Score Distribution
Percent of People with Each Score
Percentile by Number Answered
Your Score History
You have not taken this quiz